ბათუმის შოთა რუსთაველის სახელმწიფო უნივერსიტეტის ბიბლიოთეკა

Микроорганизмы почвы и высшие растения (ბიბ.ჩანაწერი № 45079)

000 -LEADER
fixed length control field 00574nam a2200193Ia 4500
001 - CONTROL NUMBER
control field 11902
003 - CONTROL NUMBER IDENTIFIER
control field GE_BSU
008 - FIXED-LENGTH DATA ELEMENTS--GENERAL INFORMATION
fixed length control field 181216s||||||||xx |||||||||||||| ||und||
040 ## - CATALOGING SOURCE
Transcribing agency GE_BSU
080 ## - UNIVERSAL DECIMAL CLASSIFICATION NUMBER
Universal Decimal Classification number 576.8(075.8)
100 ## - MAIN ENTRY--PERSONAL NAME
Personal name Красильников,Н.А.
245 ## - TITLE STATEMENT
Title Микроорганизмы почвы и высшие растения
260 ## - PUBLICATION, DISTRIBUTION, ETC.
Place of publication, distribution, etc. Москва
260 ## - PUBLICATION, DISTRIBUTION, ETC.
Name of publisher, distributor, etc. Акад.Наук СССР
260 ## - PUBLICATION, DISTRIBUTION, ETC.
Date of publication, distribution, etc. 1958
300 ## - PHYSICAL DESCRIPTION
Extent 462стр.27см.ил.
653 ## - INDEX TERM--UNCONTROLLED
Uncontrolled term Микроорганизмы почвы и высшие растения
942 ## - ADDED ENTRY ELEMENTS (KOHA)
Koha item type წიგნი
ეგზემპლარები
Withdrawn status Lost status Damaged status Not for loan Date acquired Barcode Date last seen Price effective from Koha item type
        2018-12-17 20459 2018-12-17 2018-12-17 წიგნი